Povesti i rasskazy.

Guardat en:
Dades bibliogràfiques
Autor principal: Chekhov, Anton Pavlovich, 1860-1904
Format: Llibre
Idioma:Russian
Publicat: Moskva : Detskai︠a︡ literatura, 1970.
LEADER 00688nam a22001931a 4500
001 c000192455
003 CARM
005 20021125001500.0
008 830420s1970 ur 00000 rus d
019 1 |a 2488449  |5 LACONCORD2021 
035 |a (OCoLC)219991257  |5 LACONCORD2021 
040 |a NUN  |c NUN 
100 1 |a Chekhov, Anton Pavlovich,  |d 1860-1904. 
245 1 0 |a Povesti i rasskazy. 
260 |a Moskva :  |b Detskai︠a︡ literatura,  |c 1970. 
300 |a 1 v. 
852 8 |b CARM  |h A2:AN33A0  |i B06413  |p 0298020  |f BK 
999 f f |i 2f0b13de-da67-5fd2-9757-6872284c7799  |s b7f69c8e-a8df-5947-a51b-64233e93a26d 
952 f f |p Can circulate  |a CAVAL  |b CAVAL  |c CAVAL  |d CARM 1 Store  |e B06413  |f A2:AN33A0  |h Other scheme  |i book  |m 0298020